Enseñanza de la matemática /

Guardado en:
Autor Principal: Toranzos, Fausto A
Formato: Libro
Publicado: Buenos Aires : Kapelusz, 1966
Edición:2a. ed.
Materias:
Etiquetas: Agregar Etiqueta
Sin Etiquetas, Sea el primero en etiquetar este registro!
LEADER 00453nam a22001695a 4500
001 CEM.cems006298
005 20060214000000.0
008 130507s1966##################000#0#####d
003 CEMS
082 0 4 |a 510.7 
100 1 |a Toranzos, Fausto A 
245 1 0 |a Enseñanza de la matemática / 
250 |a 2a. ed. 
260 |a Buenos Aires :  |b Kapelusz,  |c 1966 
300 |a 372 p. 
653 |a Matematica 
859 |a CEMS  |b BIB. CEMS - 11 de abril  |h 510.7  |i T63a2  |p 3043.74  |t Ej.1